[Event "Tournoi francophone 001 Groupe B"]
[Site "Skype"]
[Date "????.??.??"]
[Round "1.1"]
[White "Malbec, Robert"]
[Black "Antonic, Nenad"]
[Result "1-0"]
[WhiteElo "1525"]
[BlackElo "1545"]
[PlyCount "27"]

1. e4 c6 2. d4 d5 3. Nc3 dxe4 4. Nxe4 Bf5 5. Ng3 Bg6 6. Nf3 Nf6 7. Bg5 h6 8.
Bxf6 exf6 9. Bd3 Bxd3 10. Qxd3 Be7 11. O-O O-O 12. Rfe1 Re8 13. Qe4 Bb4 14.
Qxe8+ 1-0

[Event "Tournoi francophone 001 Groupe B"]
[Site "Skype"]
[Date "????.??.??"]
[Round "1.2"]
[White "Bourdeau, Yvan"]
[Black "L'Herbon De Lussats, Jean"]
[Result "1-0"]
[WhiteElo "1602"]
[BlackElo "1507"]
[PlyCount "71"]

1. c4 c5 2. Nc3 Nc6 3. g3 b6 4. Bg2 Bb7 5. Nf3 Qc7 6. O-O Nf6 7. d3 e6 8. Bf4
Bd6 9. Nb5 Qd8 10. Nxd6+ Ke7 11. Nxb7 Qc8 12. Nd6 Qe8 13. Ng5 Qf8 14. Ndxf7 Rg8
15. Bd6+ Ke8 16. Bxf8 Rxf8 17. Nd6+ Ke7 18. Nge4 h6 19. Nxf6 Rxf6 20. Ne4 Rf7
21. Nc3 Raf8 22. Bxc6 dxc6 23. Qa4 Kd7 24. Qxa7+ Kd6 25. Ne4+ Ke5 26. Qxb6 Rd7
27. Qxc5+ Rd5 28. cxd5 cxd5 29. Qxf8 dxe4 30. f4+ Kd5 31. dxe4+ Kxe4 32. Rac1
g5 33. fxg5 hxg5 34. Qf3+ Kd4 35. Rfd1+ Ke5 36. Rc5# 1-0

[Event "Tournoi francophone 001 Groupe B"]
[Site "Skype"]
[Date "????.??.??"]
[Round "1.3"]
[White "Legueltel, Daniel"]
[Black "Fouquereau, Andre"]
[Result "1-0"]
[WhiteElo "1757"]
[BlackElo "1590"]
[PlyCount "33"]

1. d4 d5 2. c4 Nf6 3. cxd5 Qxd5 4. Nc3 Qa5 5. Nf3 c6 6. Bd2 Qb6 7. Qc2 g6 8. e4
Bg7 9. Be2 Nbd7 10. O-O O-O 11. Rac1 Ne8 12. Be3 Qd8 13. Rfd1 e6 14. Na4 Nd6
15. Nc5 b6 16. Nxe6 fxe6 17. Qxc6 1-0

[Event "Tournoi francophone 001 Groupe B"]
[Site "Skype"]
[Date "????.??.??"]
[Round "1.4"]
[White "Duthoit, Bernard"]
[Black "Rochette, Mathieu"]
[Result "1-0"]
[WhiteElo "1476"]
[BlackElo "1516"]
[PlyCount "91"]

1. e4 c5 2. Nf3 d6 3. c3 Nf6 4. e5 dxe5 5. Nxe5 g6 6. g3 Bg7 7. Bg2 O-O 8. O-O
Qc7 9. Nf3 Nc6 10. d3 Bg4 11. Be3 Ne5 12. d4 Rad8 13. Qe2 cxd4 14. Bxd4 Nfd7
15. Qe4 Bxf3 16. Bxf3 Nc5 17. Bxc5 Qxc5 18. Na3 Rd2 19. Qxb7 Nd3 20. Qb5 Rxb2
21. Qxc5 Nxc5 22. c4 Rd8 23. Bd5 e6 24. Bf3 Rd3 25. Nb5 Rxf3 26. Nxa7 Bd4 27.
Nb5 Bxf2+ 28. Kg2 Rf5 29. a4 Be3+ 30. Kh3 Rh5+ 31. Kg4 f5+ 32. Kf3 f4 33. a5
Rhxh2 34. gxf4 h5 35. Kxe3 Rh3+ 36. Rf3 Rb3+ 37. Kd4 Rhxf3 38. Kxc5 Rxf4 39. a6
Rf8 40. a7 Ra8 41. Kb6 Rd3 42. c5 h4 43. c6 h3 44. c7 h2 45. Kb7 Rg3 46. Rh1
1-0

[Event "Tournoi francophone 001 Groupe B"]
[Site "Skype"]
[Date "????.??.??"]
[Round "1.5"]
[White "Gharbi, Said"]
[Black "Megelas, Florent"]
[Result "1-0"]
[WhiteElo "1511"]
[BlackElo "1704"]
[PlyCount "67"]

1. e4 e5 2. Nf3 Nc6 3. d4 exd4 4. Nxd4 Bc5 5. Nxc6 Qf6 6. Qe2 Qxc6 7. Qg4 Qf6
8. Qg3 d6 9. Be2 Ne7 10. c3 Ng6 11. O-O O-O 12. Bg5 Qe6 13. Nd2 Ne5 14. Bf4 Qg6
15. Bxe5 dxe5 16. Qxe5 Bd6 17. Qd5 c6 18. Qh5 Re8 19. Qxg6 hxg6 20. Rfe1 Bd7
21. Rad1 Be6 22. Bc4 Bxc4 23. Nxc4 Bc7 24. Rd7 Rac8 25. e5 b5 26. Nd6 Bxd6 27.
Rxd6 a5 28. e6 Kf8 29. Kf1 fxe6 30. Rexe6 Rxe6 31. Rxe6 Kf7 32. Rd6 c5 33. Ra6
a4 34. Rb6 1-0

[Event "Tournoi francophone 001 Groupe B"]
[Site "Skype"]
[Date "????.??.??"]
[Round "2.1"]
[White "Antonic, Nenad"]
[Black "Megelas, Florent"]
[Result "0-1"]
[WhiteElo "1545"]
[BlackElo "1704"]
[PlyCount "62"]

1. d4 d5 2. Nf3 Nf6 3. e3 Bf5 4. Bd3 Bxd3 5. Qxd3 e6 6. Nbd2 Bd6 7. e4 Nxe4 8.
Nxe4 dxe4 9. Qxe4 Nd7 10. c3 c6 11. O-O Qf6 12. Bg5 Qg6 13. Qxg6 hxg6 14. g3
Nf6 15. Bxf6 gxf6 16. Nd2 O-O-O 17. a4 Rh3 18. Kg2 Rdh8 19. Rh1 f5 20. Nf3 f6
21. Ng1 R3h7 22. c4 Rd7 23. a5 a6 24. Rc1 Bb4 25. Ra1 Rxd4 26. Nf3 Rxc4 27.
Rhd1 Rc2 28. b3 e5 29. Rdc1 Rxc1 30. Rxc1 Bxa5 31. Ne1 Rd8 0-1

[Event "Tournoi francophone 001 Groupe B"]
[Site "Skype"]
[Date "????.??.??"]
[Round "2.2"]
[White "Rochette, Mathieu"]
[Black "Gharbi, Said"]
[Result "0-1"]
[WhiteElo "1516"]
[BlackElo "1511"]
[PlyCount "82"]

1. d4 e5 2. c4 exd4 3. Qxd4 Nc6 4. Qe4+ Be7 5. Nf3 Nf6 6. Qc2 O-O 7. Bg5 h6 8.
Bh4 d6 9. h3 Be6 10. e4 Nh5 11. Bxe7 Nxe7 12. Nc3 c5 13. Be2 Nf4 14. O-O Qd7
15. Nh2 Nxg2 16. Bg4 Nf4 17. Bxe6 Qxe6 18. Ne2 Nxh3+ 19. Kg2 Ng6 20. Kg3 Ne5
21. f4 Nxc4 22. f5 Qe5+ 23. Kxh3 Ne3 24. Qd2 Nxf1 25. Rxf1 b6 26. Rg1 g5 27.
fxg6 Qh5+ 28. Kg2 fxg6 29. Nf4 Qg5+ 30. Kh1 Qxf4 31. Qd5+ Kh7 32. Rf1 Qe5 33.
Qb7+ Kg8 34. Rxf8+ Rxf8 35. Qxa7 Qxe4+ 36. Kg1 Qd4+ 37. Kg2 Qxb2+ 38. Kg3 Qf2+
39. Kh3 g5 40. Qd7 Qe3+ 41. Kg4 Qe2+ 0-1

[Event "Tournoi francophone 001 Groupe B"]
[Site "Skype"]
[Date "????.??.??"]
[Round "2.3"]
[White "Fouquereau, Andre"]
[Black "Duthoit, Bernard"]
[Result "0-1"]
[WhiteElo "1590"]
[BlackElo "1476"]
[PlyCount "90"]

1. e4 e6 2. Nf3 d5 3. exd5 exd5 4. d4 Nf6 5. c3 Bd6 6. Be3 O-O 7. Bd3 Nc6 8.
Nbd2 Be6 9. O-O Re8 10. Re1 Ne7 11. Ne5 Nf5 12. Ndf3 Nxe3 13. Rxe3 c6 14. Qc2
Qc7 15. Rae1 g6 16. h3 Nh5 17. Ng5 Ng7 18. Rf3 Bxe5 19. dxe5 Re7 20. h4 Rae8
21. Qa4 b5 22. Nxe6 Rxe6 23. Qg4 Rxe5 24. Rxe5 Rxe5 25. Re3 Rxe3 26. fxe3 f5
27. Qf3 Qe5 28. g3 Nh5 29. Kg2 Nf6 30. Qf4 Qxf4 31. exf4 Kf7 32. Kf3 Ke6 33. b3
a5 34. Ke3 Ne4 35. c4 bxc4 36. bxc4 Nxg3 37. Kf3 Ne4 38. cxd5+ cxd5 39. Kg2 Kd6
40. a4 Kc5 41. Bb5 Nc3 42. Be8 Kb4 43. Kf3 Nxa4 44. Ke3 Nc3 45. Kd3 a4 0-1

[Event "Tournoi francophone 001 Groupe B"]
[Site "Skype"]
[Date "????.??.??"]
[Round "2.4"]
[White "L'Herbon De Lussats, Jean"]
[Black "Legueltel, Daniel"]
[Result "0-1"]
[WhiteElo "1507"]
[BlackElo "1757"]
[PlyCount "114"]

1. c4 e5 2. e4 Nf6 3. Nc3 Nc6 4. a3 Be7 5. Nf3 d6 6. d4 exd4 7. Nxd4 Bd7 8. Be3
O-O 9. Be2 Re8 10. O-O Nxd4 11. Bxd4 Bc6 12. f3 Nd7 13. Qd3 Ne5 14. Qe3 Bf6 15.
Rad1 Ng6 16. c5 d5 17. Bxf6 Qxf6 18. Nxd5 Bxd5 19. Rxd5 Qxb2 20. Rd7 Re7 21.
Rfd1 Rxd7 22. Rxd7 c6 23. a4 Ne5 24. Rd2 Qb4 25. Qd4 Qxd4+ 26. Rxd4 Kf8 27. f4
Ng6 28. e5 Ke7 29. g3 Nf8 30. f5 Nd7 31. f6+ gxf6 32. exf6+ Nxf6 33. Bf3 Nd7
34. Re4+ Kf8 35. Rc4 Ne5 36. Rf4 Nxf3+ 37. Rxf3 Rd8 38. Rf5 Rd5 39. g4 Rxf5 40.
gxf5 Ke7 41. Kg2 Kf6 42. Kf3 Kxf5 43. Ke3 Ke5 44. Kd3 Kd5 45. Ke3 Kxc5 46. Ke4
Kd6 47. Kf5 c5 48. h4 c4 49. h5 c3 50. h6 c2 51. Kf6 c1=Q 52. Kg7 Qc2 53. Kxf7
Qg6+ 54. Kf8 Qxh6+ 55. Kf7 Kd7 56. a5 Qg6+ 57. Kf8 Ke6 0-1

[Event "Tournoi francophone 001 Groupe B"]
[Site "Skype"]
[Date "????.??.??"]
[Round "2.5"]
[White "Malbec, Robert"]
[Black "Bourdeau, Yvan"]
[Result "0-1"]
[WhiteElo "1525"]
[BlackElo "1602"]
[PlyCount "105"]

1. e4 c5 2. Nf3 d6 3. d4 cxd4 4. Nxd4 Nf6 5. Nc3 a6 6. Be3 Nc6 7. h3 e5 8. Nb3
b5 9. Qd3 Qc7 10. Be2 Bb7 11. f3 Rc8 12. g4 h6 13. O-O-O Be7 14. Kb1 Na5 15.
Rc1 Nc4 16. h4 Nxe3 17. Qxe3 Nh7 18. f4 g5 19. hxg5 hxg5 20. f5 f6 21. Qh3 Bf8
22. Qh5+ Qf7 23. Rh2 Rc7 24. Rch1 Qxh5 25. Rxh5 Rg7 26. Na5 Ba8 27. Bd3 Be7 28.
Nd5 Bd8 29. Nb3 Bxd5 30. exd5 Bb6 31. Rh6 Kf7 32. c4 bxc4 33. Bxc4 a5 34. Nd2
Bf2 35. Ne4 Bc5 36. Nxf6 Be3 37. R6h3 Nxf6 38. Rxh8 Nxg4 39. Ra8 Bd2 40. Ra7+
Kf6 41. Rxg7 Kxg7 42. Rf1 e4 43. Be2 Nf6 44. Rg1 Kh6 45. Bc4 e3 46. Kc2 Ne4 47.
Kd3 Nf6 48. a3 g4 49. b4 axb4 50. axb4 Bxb4 51. Kxe3 Bc5+ 52. Ke2 Bxg1 53. Kf1
0-1

[Event "Tournoi francophone 001 Groupe B"]
[Site "Skype"]
[Date "????.??.??"]
[Round "3.1"]
[White "Bourdeau, Yvan"]
[Black "Antonic, Nenad"]
[Result "1-0"]
[WhiteElo "1602"]
[BlackElo "1545"]
[PlyCount "61"]

1. c4 c5 2. Nc3 Nf6 3. g3 Nc6 4. Bg2 e6 5. e3 Be7 6. Nge2 O-O 7. d4 cxd4 8.
exd4 d5 9. cxd5 exd5 10. O-O Be6 11. Re1 Rc8 12. Nf4 a6 13. Nxe6 fxe6 14. Rxe6
Ne8 15. Bxd5 Kh8 16. Bxc6 bxc6 17. Re2 Nc7 18. Bf4 Ne6 19. Rxe6 Qd7 20. Re4 Rf7
21. Qe2 Bd6 22. Bxd6 Qxd6 23. Re8+ Rxe8 24. Qxe8+ Rf8 25. Qe5 Qd7 26. Re1 h6
27. d5 cxd5 28. Qxd5 Qa7 29. Re2 Qb6 30. Qh5 Qxb2 31. Rxb2 1-0

[Event "Tournoi francophone 001 Groupe B"]
[Site "Skype"]
[Date "????.??.??"]
[Round "3.2"]
[White "Legueltel, Daniel"]
[Black "Malbec, Robert"]
[Result "1-0"]
[WhiteElo "1757"]
[BlackElo "1525"]
[PlyCount "57"]

1. e4 e5 2. Nf3 Nc6 3. Bb5 a6 4. Ba4 Nf6 5. Nc3 Be7 6. d4 b5 7. dxe5 Ng4 8. Bb3
Ngxe5 9. Nxe5 Nxe5 10. Qd5 d6 11. Qxa8 c6 12. Bf4 Qd7 13. Bxe5 dxe5 14. Rd1 Qc7
15. O-O O-O 16. Rd3 Be6 17. Qxa6 Bc8 18. Nd5 cxd5 19. Qxb5 dxe4 20. Re3 Qa7 21.
Rxe4 Ba6 22. Qa4 Qb7 23. Rfe1 Bf6 24. Rb4 Qa8 25. Rb6 Bb7 26. Qxa8 Bxa8 27. c4
e4 28. Re2 g6 29. Rxf6 1-0

[Event "Tournoi francophone 001 Groupe B"]
[Site "Skype"]
[Date "????.??.??"]
[Round "3.3"]
[White "Duthoit, Bernard"]
[Black "L'Herbon De Lussats, Jean"]
[Result "1-0"]
[WhiteElo "1476"]
[BlackElo "1507"]
[PlyCount "113"]

1. e4 c5 2. Nf3 Nc6 3. d4 e6 4. dxc5 Bxc5 5. Bb5 a6 6. Bxc6 bxc6 7. O-O Ne7 8.
Nc3 d5 9. b3 O-O 10. Bb2 f6 11. Ne2 e5 12. exd5 cxd5 13. Nc3 Bb7 14. Na4 Ba7
15. Rc1 d4 16. Ne1 Qd5 17. c4 Qc6 18. Ba3 Rf7 19. Nb2 Nf5 20. Qg4 g6 21. Nbd3
Kg7 22. Nb4 Qe6 23. Ned3 h5 24. Qh3 Re8 25. Rfe1 Bc8 26. Nf4 Qd7 27. Nfd5 Bb7
28. Rcd1 Nh6 29. Qxd7 Rxd7 30. Bb2 a5 31. Nc2 Bxd5 32. cxd5 Rxd5 33. Kf1 Kf7
34. f4 Nf5 35. fxe5 fxe5 36. Na3 Rb8 37. Nc4 a4 38. Nxe5+ Rxe5 39. Rxe5 axb3
40. axb3 Rxb3 41. Bc1 d3 42. Rd5 Nd4 43. Rd7+ Ke6 44. Rxa7 Ne2 45. Ra6+ Kf5 46.
Ba3 Ke4 47. Re6+ Kf5 48. Rd6 Rxa3 49. R6xd3 Nc3 50. Rf3+ Ke4 51. Re1+ Kd4 52.
Rf8 g5 53. Rd8+ Nd5 54. Rd1+ Rd3 55. Rxd3+ Kxd3 56. Rxd5+ Ke4 57. Rxg5 1-0

[Event "Tournoi francophone 001 Groupe B"]
[Site "Skype"]
[Date "????.??.??"]
[Round "3.4"]
[White "Gharbi, Said"]
[Black "Fouquereau, Andre"]
[Result "1-0"]
[WhiteElo "1511"]
[BlackElo "1590"]
[PlyCount "91"]

1. e4 e5 2. d4 exd4 3. c3 Nc6 4. cxd4 d6 5. Bb5 Bd7 6. d5 Ne5 7. Qb3 Rb8 8. Bf4
Ng6 9. Ne2 Nxf4 10. Nxf4 c6 11. Ba4 b5 12. dxc6 Bxc6 13. Qc2 Qa5+ 14. Nd2 Bd7
15. Bb3 Nf6 16. Nd5 Nxd5 17. Bxd5 Rc8 18. Qb3 f6 19. Bf7+ Kd8 20. O-O Qxd2 21.
Qa3 Ke7 22. Bh5 Qg5 23. Rad1 Qc5 24. b4 Qxh5 25. Rd5 Qg6 26. Qxa7 Rc6 27. Rxb5
Ke6 28. Qd4 Ke7 29. Rb7 Qf7 30. Qa7 Qe6 31. f4 Ke8 32. f5 Qf7 33. b5 Rc2 34.
Rb8+ Rc8 35. Rb6 Qe7 36. Qb7 Qd8 37. Ra6 Be7 38. Qd5 Rc5 39. Qb3 Bxb5 40. Ra7
Bxf1 41. Qa4+ Bb5 42. Qa3 Rc1+ 43. Kf2 Qb6+ 44. Kf3 Rf1+ 45. Kg3 d5 46. Qxe7#
1-0

[Event "Tournoi francophone 001 Groupe B"]
[Site "Skype"]
[Date "????.??.??"]
[Round "3.5"]
[White "Megelas, Florent"]
[Black "Rochette, Mathieu"]
[Result "1-0"]
[WhiteElo "1704"]
[BlackElo "1516"]
[PlyCount "123"]

1. e4 c5 2. Nf3 d6 3. Be2 Nf6 4. Nc3 Nc6 5. d4 cxd4 6. Nxd4 Bd7 7. O-O e6 8.
Ndb5 Qb8 9. Be3 Be7 10. a3 O-O 11. Bg5 Ne8 12. Bxe7 Nxe7 13. Qd3 a6 14. Nd4 d5
15. exd5 Nxd5 16. Nxd5 exd5 17. Nf3 Bb5 18. Qd2 Bxe2 19. Qxe2 Nf6 20. Rad1 Re8
21. Qd3 Qc7 22. Rfe1 Re4 23. h3 Rae8 24. c3 Qe7 25. Kf1 Qe6 26. Qd2 Kf8 27. Ng5
Rxe1+ 28. Rxe1 Qxe1+ 29. Qxe1 Rxe1+ 30. Kxe1 h6 31. Nf3 Ke7 32. Ke2 Kd6 33. Kd3
Ne4 34. Ke3 Kc5 35. Nd2 f5 36. f3 f4+ 37. Kd3 Nd6 38. Nb3+ Kc6 39. Nd4+ Kd7 40.
b3 Nb5 41. a4 Nc7 42. Nf5 Ne6 43. Nd4 Nc5+ 44. Kc2 g6 45. a5 h5 46. b4 Ne6 47.
Kd3 h4 48. Nxe6 Kxe6 49. Kd4 Kd6 50. c4 dxc4 51. Kxc4 Ke5 52. Kc5 g5 53. Kb6
Kd5 54. Kxb7 Kd4 55. Kxa6 Ke3 56. b5 Kf2 57. b6 Kxg2 58. b7 Kxh3 59. b8=Q Kg3
60. Qb1 h3 61. Qh1 h2 62. Kb6 1-0

[Event "Tournoi francophone 001 Groupe B"]
[Site "Skype"]
[Date "????.??.??"]
[Round "4.1"]
[White "Antonic, Nenad"]
[Black "Rochette, Mathieu"]
[Result "1/2-1/2"]
[WhiteElo "1545"]
[BlackElo "1516"]
[PlyCount "94"]

1. d4 Nf6 2. Nf3 e6 3. e3 d5 4. Bd3 Bd6 5. O-O O-O 6. Nbd2 Nbd7 7. Re1 c6 8. e4
dxe4 9. Nxe4 Nxe4 10. Bxe4 h6 11. c3 Qc7 12. h3 Nf6 13. Bd3 Re8 14. Bd2 Bd7 15.
Qc1 e5 16. dxe5 Bxe5 17. Nxe5 Rxe5 18. Rxe5 Qxe5 19. Bf4 Qh5 20. Qd2 Re8 21.
Re1 Rxe1+ 22. Qxe1 Bxh3 23. gxh3 Qxh3 24. Bg3 Kf8 25. Qe5 Nd7 26. Qd6+ Kg8 27.
Qe7 g6 28. Qe1 h5 29. Bf1 Qg4 30. Kh2 h4 31. Bh3 hxg3+ 32. fxg3 Qh5 33. Qe8+
Nf8 34. Qe3 Ne6 35. Kg2 Qd5+ 36. Kh2 b6 37. b3 Kg7 38. c4 Qd4 39. Qe2 Ng5 40.
Bg2 c5 41. Qe7 Nf3+ 42. Bxf3 Qf2+ 43. Bg2 Qxa2 44. Kh3 a5 45. Bd5 Qf2 46. Qe5+
Qf6 47. Qxf6+ Kxf6 1/2-1/2

[Event "Tournoi francophone 001 Groupe B"]
[Site "Skype"]
[Date "????.??.??"]
[Round "4.2"]
[White "Fouquereau, Andre"]
[Black "Megelas, Florent"]
[Result "0-1"]
[WhiteElo "1590"]
[BlackElo "1704"]
[PlyCount "62"]

1. e4 e5 2. Nf3 Nc6 3. c3 Nf6 4. Qc2 Bc5 5. h3 d6 6. Be2 h6 7. O-O O-O 8. b4
Bb6 9. a4 a5 10. b5 Ne7 11. c4 Be6 12. Nc3 Ng6 13. Ba3 Nd7 14. Nd5 Bxd5 15.
exd5 Nf4 16. d4 Nxe2+ 17. Qxe2 exd4 18. Qd3 Nc5 19. Bxc5 Bxc5 20. Nxd4 Qf6 21.
Nf3 Rfe8 22. Qc2 Re7 23. Rae1 Rae8 24. Rxe7 Rxe7 25. Re1 Rxe1+ 26. Nxe1 Qa1 27.
Qe2 Kf8 28. Kh2 Qxa4 29. Qd3 Bxf2 30. Nc2 Qa2 31. Qc3 Qb1 0-1

[Event "Tournoi francophone 001 Groupe B"]
[Site "Skype"]
[Date "????.??.??"]
[Round "4.3"]
[White "L'Herbon De Lussats, Jean"]
[Black "Gharbi, Said"]
[Result "0-1"]
[WhiteElo "1507"]
[BlackElo "1511"]
[PlyCount "48"]

1. c4 b6 2. e4 e5 3. Nf3 Bb7 4. Nc3 Bb4 5. Qc2 Nf6 6. Nxe5 Bxc3 7. bxc3 Bxe4 8.
d3 Bf5 9. Be2 d6 10. Bf3 Na6 11. Bxa8 Qxa8 12. Nf3 Nc5 13. Qe2+ Kd7 14. d4 Re8
15. Be3 Nd3+ 16. Kd2 Nf4 17. Qf1 Bd3 18. Qg1 Ne2 19. Qd1 Ne4+ 20. Kxd3 N2xc3
21. Qc2 d5 22. Ne5+ Rxe5 23. dxe5 dxc4+ 24. Kd4 Qd5# 0-1

[Event "Tournoi francophone 001 Groupe B"]
[Site "Skype"]
[Date "????.??.??"]
[Round "4.4"]
[White "Malbec, Robert"]
[Black "Duthoit, Bernard"]
[Result "1-0"]
[WhiteElo "1525"]
[BlackElo "1476"]
[PlyCount "71"]

1. e4 e6 2. d4 d5 3. Nc3 c5 4. e5 Nc6 5. Nf3 a6 6. b3 Qb6 7. Na4 Qa7 8. Be3 b5
9. Nxc5 Bxc5 10. dxc5 Nge7 11. Be2 Ng6 12. Bd4 Nxd4 13. Qxd4 O-O 14. O-O Ne7
15. g4 Bd7 16. b4 Rac8 17. Qd3 Nc6 18. Ng5 g6 19. Qh3 h5 20. gxh5 Nxe5 21. hxg6
Kg7 22. Qh7+ Kf6 23. f4 Nxg6 24. Qh3 Rh8 25. Qc3+ Ke7 26. Bd3 Rcg8 27. Bxg6
fxg6 28. Qe5 Qb8 29. Qd4 Rf8 30. Rae1 Rf5 31. Qg7+ Rf7 32. Qxf7+ Kd8 33. Nxe6+
Bxe6 34. Rxe6 Qc7 35. Qf6+ Kd7 36. Re7+ 1-0

[Event "Tournoi francophone 001 Groupe B"]
[Site "Skype"]
[Date "????.??.??"]
[Round "4.5"]
[White "Bourdeau, Yvan"]
[Black "Legueltel, Daniel"]
[Result "1-0"]
[WhiteElo "1602"]
[BlackElo "1757"]
[PlyCount "101"]

1. c4 e6 2. Nc3 Nf6 3. g3 d5 4. Bg2 c6 5. cxd5 exd5 6. d3 Bd6 7. h3 O-O 8. Nf3
Nbd7 9. O-O Re8 10. a3 Ne5 11. Nxe5 Bxe5 12. d4 Bc7 13. Bg5 h6 14. Bxf6 Qxf6
15. e3 Qg6 16. Re1 Bf5 17. Qf3 Qe6 18. Kh2 g5 19. Qe2 Re7 20. Rac1 Rae8 21. Qf1
h5 22. Kg1 Qg6 23. Rcd1 Qd6 24. Ne2 Bc2 25. Rd2 Bb3 26. Kh1 h4 27. Qg1 Bc4 28.
g4 Bb6 29. Bf1 Qf6 30. b4 a5 31. Nc3 axb4 32. axb4 Bxf1 33. Qxf1 Qd6 34. Rb1
Ra8 35. Rdb2 Bc7 36. Qg1 Ra3 37. Rb3 Rxb3 38. Rxb3 Re8 39. b5 Ra8 40. Rb1 Ra3
41. b6 Bb8 42. Ne2 Qg6 43. Qc1 Ra2 44. Rb2 Rxb2 45. Qxb2 Qe4+ 46. Kg1 Qf3 47.
Nc3 Qxh3 48. f3 Bh2+ 49. Kf2 Qg3+ 50. Kf1 Qxf3+ 51. Qf2 1-0

[Event "Tournoi francophone 001 Groupe B"]
[Site "Skype"]
[Date "????.??.??"]
[Round "5.1"]
[White "Legueltel, Daniel"]
[Black "Antonic, Nenad"]
[Result "1-0"]
[WhiteElo "1757"]
[BlackElo "1545"]
[PlyCount "49"]

1. d4 d5 2. c4 e6 3. Nc3 Nf6 4. Bg5 h6 5. Bh4 Be7 6. Nf3 Nbd7 7. e3 c6 8. Bd3
O-O 9. O-O Re8 10. Rc1 a6 11. a3 Nf8 12. Ne5 g5 13. Bg3 h5 14. h3 Kg7 15. f4
N8h7 16. Nf3 g4 17. Ne5 Rg8 18. hxg4 hxg4 19. Kf2 Kf8 20. Rh1 Bd6 21. Bh4 dxc4
22. Bxh7 Rg7 23. Bb1 Ke7 24. Qe2 b5 25. Nxc6+ 1-0

[Event "Tournoi francophone 001 Groupe B"]
[Site "Skype"]
[Date "????.??.??"]
[Round "5.3"]
[White "Gharbi, Said"]
[Black "Malbec, Robert"]
[Result "1-0"]
[WhiteElo "1511"]
[BlackElo "1525"]
[PlyCount "49"]

1. e4 e5 2. d4 exd4 3. c3 c5 4. Bc4 Nc6 5. cxd4 Nxd4 6. Nf3 Qb6 7. Ne5 Ne6 8.
b3 Nf6 9. Bb2 d6 10. Nd3 Nxe4 11. O-O Nf6 12. Bxf6 gxf6 13. Nc3 Bd7 14. Nd5 Be7
15. Nxb6 axb6 16. Qh5 Bc6 17. Bxe6 Kd8 18. Bxf7 Kc7 19. Rfe1 Kd8 20. Nf4 Bd7
21. Ng6 Ra5 22. Nxh8 c4 23. Qxh7 Rg5 24. Be6 Bc6 25. Nf7+ 1-0

[Event "Tournoi francophone 001 Groupe B"]
[Site "Skype"]
[Date "????.??.??"]
[Round "5.4"]
[White "Megelas, Florent"]
[Black "L'Herbon De Lussats, Jean"]
[Result "1-0"]
[WhiteElo "1704"]
[BlackElo "1507"]
[PlyCount "59"]

1. d4 d5 2. Nf3 e6 3. Bf4 c5 4. c3 Nc6 5. e3 a6 6. Bd3 cxd4 7. cxd4 Bb4+ 8.
Nbd2 Nf6 9. a3 Ba5 10. Rc1 Bc7 11. Bg3 O-O 12. Qc2 g6 13. Bxc7 Qxc7 14. h4 Ng4
15. h5 Kg7 16. hxg6 fxg6 17. Ng5 h6 18. Bxg6 Rxf2 19. Be8 Rf6 20. Qh7+ Kf8 21.
Qxc7 Kxe8 22. Rxc6 hxg5 23. Rh8+ Rf8 24. Rxf8+ Kxf8 25. Rd6 Nf6 26. Rd8+ Ne8
27. Nf3 a5 28. Nxg5 Ra6 29. Nh7+ Kg8 30. Rxe8# 1-0

[Event "Tournoi francophone 001 Groupe B"]
[Site "Skype"]
[Date "????.??.??"]
[Round "5.5"]
[White "Rochette, Mathieu"]
[Black "Fouquereau, Andre"]
[Result "1-0"]
[WhiteElo "1516"]
[BlackElo "1590"]
[PlyCount "41"]

1. d4 d5 2. c4 c6 3. Nc3 e6 4. Nf3 Nd7 5. Bg5 Qb6 6. Qc2 Ngf6 7. e3 Be7 8. Bd3
h6 9. Bxf6 Bxf6 10. O-O O-O 11. cxd5 cxd5 12. Rfe1 Re8 13. Na4 Qd8 14. e4 Nf8
15. exd5 exd5 16. Nc5 Qd6 17. Rxe8 b6 18. Bh7+ Kh8 19. Nd7 Be7 20. Nfe5 Bxd7
21. Nxf7# 1-0

[Event "Tournoi francophone 001 Groupe B"]
[Site "Skype"]
[Date "????.??.??"]
[Round "6.1"]
[White "Antonic, Nenad"]
[Black "Fouquereau, Andre"]
[Result "1-0"]
[WhiteElo "1545"]
[BlackElo "1590"]
[PlyCount "61"]

1. d4 d5 2. Nf3 Nf6 3. Nbd2 e6 4. e3 c6 5. Bd3 Bd6 6. O-O O-O 7. Re1 Nbd7 8. b3
Qc7 9. c4 c5 10. cxd5 exd5 11. Bb2 Re8 12. Rc1 b6 13. e4 dxe4 14. Nxe4 Bb7 15.
Nxd6 Qxd6 16. dxc5 Qc7 17. cxb6 Rxe1+ 18. Nxe1 Qxb6 19. Nf3 Rd8 20. Bd4 Qd6 21.
Bxa7 Bxf3 22. Bxh7+ Kxh7 23. Qxd6 Bxg2 24. Kxg2 Ra8 25. Qc7 Rf8 26. Bd4 Kg8 27.
Bxf6 Nxf6 28. a4 Nd5 29. Qd6 Nf6 30. a5 Ra8 31. a6 1-0

[Event "Tournoi francophone 001 Groupe B"]
[Site "Skype"]
[Date "????.??.??"]
[Round "6.2"]
[White "L'Herbon De Lussats, Jean"]
[Black "Rochette, Mathieu"]
[Result "0-1"]
[WhiteElo "1507"]
[BlackElo "1516"]
[PlyCount "70"]

1. e4 c5 2. c4 d6 3. Nc3 Nf6 4. Nf3 Nbd7 5. d3 g6 6. Be3 Bg7 7. d4 cxd4 8. Bxd4
O-O 9. Bd3 Qc7 10. O-O b6 11. Re1 Ba6 12. Nd5 Nxd5 13. exd5 Ne5 14. b3 Nxf3+
15. Qxf3 Bxd4 16. Rad1 Rab8 17. Qg4 Be5 18. f4 Bc8 19. Qg3 Bd4+ 20. Kh1 e6 21.
Be4 Qc5 22. Rf1 f5 23. Bf3 Bb7 24. dxe6 Bxf3 25. Rxf3 Rfe8 26. Re1 Rb7 27. h4
Rbe7 28. Qg5 Kg7 29. h5 Rxe6 30. Rxe6 Rxe6 31. Qd8 Re1+ 32. Kh2 Bf6 33. Qd7+
Kh6 34. Rh3 Qg1+ 35. Kg3 Re3# 0-1

[Event "Tournoi francophone 001 Groupe B"]
[Site "Skype"]
[Date "????.??.??"]
[Round "6.3"]
[White "Malbec, Robert"]
[Black "Megelas, Florent"]
[Result "0-1"]
[WhiteElo "1525"]
[BlackElo "1704"]
[PlyCount "44"]

1. e4 e5 2. Nf3 Nc6 3. Bc4 Bc5 4. d3 d6 5. Bg5 Nf6 6. Nc3 h6 7. Bh4 g5 8. Bg3
Be6 9. Bxe6 fxe6 10. a3 Nh5 11. Ne2 Qf6 12. O-O O-O-O 13. b4 Nxg3 14. Nxg3 Bb6
15. c4 h5 16. b5 Nd4 17. Nxd4 Bxd4 18. Ra2 Rdg8 19. Nxh5 Qf7 20. Ng3 g4 21. Ne2
Qh7 22. h4 Qxh4 0-1

[Event "Tournoi francophone 001 Groupe B"]
[Site "Skype"]
[Date "????.??.??"]
[Round "6.4"]
[White "Bourdeau, Yvan"]
[Black "Gharbi, Said"]
[Result "1/2-1/2"]
[WhiteElo "1602"]
[BlackElo "1511"]
[PlyCount "138"]

1. c4 b6 2. Nc3 c5 3. Nf3 Bb7 4. e4 Nf6 5. d3 Nc6 6. h3 e5 7. Be2 Nd4 8. Nxd4
cxd4 9. Nd5 Be7 10. O-O O-O 11. Bh5 Rc8 12. Bd2 h6 13. Nxf6+ Bxf6 14. Qe2 Bg5
15. f4 exf4 16. Bxf4 Bxf4 17. Rxf4 Qg5 18. Raf1 f6 19. Rg4 Qe3+ 20. Qxe3 dxe3
21. Rg3 Rc5 22. Bg4 b5 23. Rxe3 bxc4 24. d4 Rc7 25. d5 d6 26. Rc3 Ba6 27. Rfc1
Re8 28. Be6+ Kh7 29. b3 Bc8 30. Rxc4 Rxc4 31. Rxc4 Bxe6 32. dxe6 Rxe6 33. Kf2
Kg6 34. Kf3 Re5 35. Rd4 Rc5 36. Rc4 Ra5 37. a4 d5 38. exd5 Rxd5 39. Re4 Rd3+
40. Re3 Rd5 41. Ke4 Rd2 42. g4 Kg5 43. Kf3 h5 44. gxh5 Kxh5 45. Kg3 Rd4 46. Rf3
Rd5 47. b4 Rd4 48. Rf4 Rd5 49. b5 Rd6 50. Rf5+ Kg6 51. Rf4 a6 52. Rf3 Rb6 53.
Rb3 axb5 54. axb5 f5 55. Kf4 Kf6 56. h4 g6 57. Rb4 Kg7 58. Kg3 Kf7 59. Kf4 Kf6
60. Kf3 Ke5 61. Ke3 Kd5 62. Kf4 Kc5 63. Rb1 Rxb5 64. Rxb5+ Kxb5 65. Kg5 Kc6 66.
Kxg6 Kd7 67. Kxf5 Ke7 68. h5 Kf7 69. Kg5 Kg7 1/2-1/2

[Event "Tournoi francophone 001 Groupe B"]
[Site "Skype"]
[Date "????.??.??"]
[Round "6.5"]
[White "Legueltel, Daniel"]
[Black "Duthoit, Bernard"]
[Result "1-0"]
[WhiteElo "1757"]
[BlackElo "1476"]
[PlyCount "91"]

1. d4 e5 2. dxe5 Nc6 3. Nf3 Qe7 4. Nc3 Nxe5 5. e4 Nf6 6. Nxe5 Qxe5 7. Bd3 Bb4
8. Bd2 O-O 9. O-O b6 10. Qf3 Bb7 11. Bf4 Qc5 12. Qh3 Nh5 13. Be3 Qe5 14. Qxd7
Nf6 15. Qh3 Bxc3 16. bxc3 Qxc3 17. Rab1 c5 18. Rb3 Qe5 19. f4 Qh5 20. Qxh5 Nxh5
21. Bxc5 Rfe8 22. g4 Nf6 23. e5 Nxg4 24. h3 Nh6 25. Bd6 Bd5 26. c4 Be6 27. Rc3
Bxh3 28. Bxh7+ Kxh7 29. Rxh3 Kg8 30. Kg2 f6 31. Kf3 fxe5 32. Bxe5 Rad8 33. Rg1
Rd3+ 34. Kg2 Rxh3 35. Kxh3 Nf5 36. Rg5 Rf8 37. Kg4 Ne3+ 38. Kf3 Nf5 39. Ke4 Kh7
40. Rxf5 Rxf5 41. Kxf5 Kg8 42. Kg6 a5 43. Bxg7 a4 44. f5 a3 45. f6 b5 46. f7#
1-0